Lord of the Rings: Son of Who? Quiz Stats

 Plays Quiz Updated Jul 15, 2019

Score 0/13 Timer 06:00
6 Plays Today
Name(s) Father's name % Correct
GimliGlóin
89.8%
AragornArathorn (II)
86%
Boromir and FaramirDenethor
73.9%
ThéodredThéoden
70.5%
SamHamfast ('The Gaffer')
54.9%
ElrohirElrond
49.1%
FrodoDrogo
48.5%
Thorin OakenshieldThráin (II)
42.7%
LegolasThranduil
42.6%
Balin and DwalinFundin
23.6%
PippinPaladin (II)
20.6%
BilboBungo
19.6%
MerrySaradoc
13%

You're not logged in!

Compare scores with friends on all Sporcle quizzes.
OR
Log In

Show Comments

Extras

Top Quizzes Today


Score Distribution

Your Account Isn't Verified!

In order to create a playlist on Sporcle, you need to verify the email address you used during registration. Go to your Sporcle Settings to finish the process.

Report this User

Report this user for behavior that violates our Community Guidelines.

Details: